000 00734nam a2200217 i 4500
001 124352
003 ES-MaACL
007 t|
008 070322n19201929sp ||||1| spa d
080 _a54
100 1 _aBlochmann, R.
_929526
245 1 0 _aIntroducción experimental al estudio de la química
_b: aire, agua, luz y calor /
_cpor R. Blochmann ; traducida de la quinta edición alemana por A. García Banús.
260 _aBarcelona :
_bLabor,
_c[entre 1920-1929]
300 _a169 p. :
_bil. ;
_c17 cm.
490 1 _aColección Labor ;
_v1
650 1 7 _aQuímica
_2embne
_916625
700 1 _aGarcía Banús, Antonio.
_954218
830 0 0 _aColección Labor
_v1
_9184254
852 _aES-MaACL
_jE-2552
999 _c124352
_d124352